Les compos de Liverpool 0-1 PSG (24/25) - Statistiques

Statistiques générales
  • Ce quiz a été pris 1 878 fois
  • Le résultat moyen est 20 sur 22
Statistiques - réponses
Equipe Nationalité Joueur % Correct
PSG Marocain Achraf Hakimi
98%
PSG Français Ousmane Dembélé
98%
PSG Italien Gianluigi Donnarumma
97%
Liverpool Égyptien Mohamed Salah
97%
PSG Portugais Nuno Mendes
97%
Liverpool Brésilien Alisson
96%
PSG Espagnol Fabian Ruiz
96%
Liverpool Français Ibrahima Konaté
96%
PSG Portugais Joao Neves
96%
PSG Portugais Vitinha
96%
PSG Équatorien Willian Pacho
96%
PSG Français Bradley Barcola
95%
PSG Géorgien Khvicha Kvaratskhelia
95%
PSG Brésilien Marquinhos
95%
Liverpool Néerlandais Virgil Van Dijk
94%
Liverpool Colombien Luis Diaz
89%
Liverpool Argentin Alexis Mac Allister
88%
Liverpool Écossais Andrew Robertson
87%
Liverpool Anglais Trent Alexander-Arnold
84%
Liverpool Portugais Diogo Jota
82%
Liverpool Néerlandais Ryan Gravenberch
75%
Liverpool Hongrois Dominik Szoboszlai
67%
Aucun quiz correspondant
Distribution des résultats
% des personnes avec chaque résultat
Percentile par nombre de réponses
Votre historique - résultats
Vous n’avez pas pris ce quiz